000 00790cam a22002414a 4500
001 13140451
005 20180222034030.0
008 030328s2004 nyua b 001 0 eng
010 _a 2003048688
020 _a0195167074
040 _aDLC
_cDLC
_dDLC
041 _aeng
042 _apcc
080 _a302.2
082 0 0 _a302.2 ADL
_221
100 1 _a50
101 _aSOC
245 1 0 _aInterplay :
_cRonald B. Adler, Lawrence B. Rosenfeld, Russell F. Proctor II.
504 _aIncludes bibliographical references (p. 384-417) and indexes.
906 _a7
_bcbc
_corignew
_d1
_eocip
_f20
_gy-gencatlg
942 _2ddc
_cBK
999 _c43111
_d43111